000 00632nam a2200229 a 4500
001 BRCA_7095
005 20190320205717.0
008 270611s1862----gw-#######---#000-0#ger-#
041 _ager
044 _agw
050 4 _aPT4848 .R4
_b.U8 2 1962
100 1 _aReuter, Fritz
_d1810-1874
_915434
245 1 0 _aUt mine Stromtid
_bZweiter Band
_cFritz Reuter.
260 _aBerlín
_bDeutsche Bibliothek
_c[1862]
300 _a410 p. (v.2)
_c18 cm.
500 _aVertambién K10 (v.1)
500 _aO103
505 0 _aContenido: capitulo 20 al capitulo 47
650 1 4 _aLiteratura Alemana
_96160
902 _aGFM
942 _2lcc
_cB
999 _c6776
_d6776